00498nam a2200193Ia 4500008004100000020001800041041001200059082000800071082001100079100002900090100001100119245005600130260001300186260002600199260000900225300001500234365002500249650003000274150901s9999 xx 000 0 und d a9789350740781 aEnglish a630 bDHA/AG aDharmendra Dhari singh  eAuthor aAgrarian reforms in India :a historical perspective aNewdelhi bAbhijeet publications c2013 a206 Pages aRs.800/-  aAgrarian reforms in india